000 00790 a2200241 4500
999 _c696
_d696
010 _aENG-76910
020 _a8120327187
_c450.00
035 _aEN-61393
035 _aB-182086-103
037 _bD. B. Act / Pub
037 _bUBH/278/23.10.06
082 1 4 _a005.7
245 1 _aDB2 universal database
_badministration for linux, and windows
_cby International Business Machine Corporation (IBM)
250 _a1st ed
260 _aNew Delhi
_bPrentice-Hall of India
_c2005
270 _aM-97, Connaught Place,
_bNew Delhi
_cDelhi
_e110001
300 _axvi, 568 p.
_c24 cm
500 _aIncludes index
650 _aComputer science
_xoperating systems
650 _aDatabase management
710 1 _aInternational Business Machine Corporation (IBM)
942 _adpl
_cEN
_k005.7 / DB2
_2ddc